El eternauta /
"El Eternauta es la primera novela gráfica en español y la más importante para el mundo hispanoamericano. Obra cumbre de la ciencia ficción, fue publicada originalmente en Argentina como una serie de 106 entregas desde 1957 a 1959, en la revista Hora Cero Semanal. Para esta edición definitiva,...
Guardado en:
| Autor Principal: | |
|---|---|
| Otros Autores: | , , |
| Formato: | Libro |
| Idioma: | Spanish |
| Publicado: |
Buenos Aires :
Planeta Cómic,
2025.
|
| Edición: | 6a. ed. |
| Materias: | |
| Etiquetas: |
Agregar Etiqueta
Sin Etiquetas, Sea el primero en etiquetar este registro!
|
| LEADER | 01787nam a22002655a 4500 | ||
|---|---|---|---|
| 001 | EUN.eunm009589 | ||
| 008 | 250929s2025####ag#a###g######000#f#spa#d | ||
| 005 | 20251113131610.0 | ||
| 245 | 1 | 3 | |a El eternauta / |c escrito por Héctor Germán Oesterheld ; con dibujos de Francisco Solano López ; con prólogos de Guillermo Saccomanno y Juan Sasturain. |
| 250 | |a 6a. ed. | ||
| 260 | |a Buenos Aires : |b Planeta Cómic, |c 2025. | ||
| 300 | |a 373 p. : |b il. byn, fot. byn ; |c 25 x 19. | ||
| 520 | |a "El Eternauta es la primera novela gráfica en español y la más importante para el mundo hispanoamericano. Obra cumbre de la ciencia ficción, fue publicada originalmente en Argentina como una serie de 106 entregas desde 1957 a 1959, en la revista Hora Cero Semanal. Para esta edición definitiva, revisada y corregida, se han retocado más de cincuenta ilustraciones sin alterar el espíritu original de la obra, con la intención de optimizar su calidad visual, potencia y continuidad gráfica. Con su vitalidad narrativa, su vigor político y su peso iconográfico intactos, nos complace presentar la multipremiada historia que influenció a más de cinco generaciones de lectores alrededor de todo el mundo."--Tapa posterior. | ||
| 020 | |a 9789504982814 | ||
| 100 | 1 | |a Oesterheld, Héctor Germán, |d 1919-, |e autor. |4 aut | |
| 700 | 1 | |a Solano López, Francisco, |d 1928-2011, |e dibujante. |4 art | |
| 700 | 1 | |a Saccomanno, Guillermo, |d 1948-, |e prologuista. |4 aui | |
| 700 | 1 | |a Sasturain, Juan, |d 1945-, |e prologuista. |4 aui | |
| 082 | 0 | 4 | |a 741.5982 |2 21 |
| 650 | 7 | |a Literatura argentina |2 unbist | |
| 650 | 7 | |a Siglo xx |2 unbist | |
| 650 | 7 | |a Ciencia ficción |2 unescot | |
| 655 | 4 | |a Novela gráfica | |
| 655 | 4 | |a Historietas de ciencia ficción | |
| 859 | |a AR-BaUNS |b BIB. CENTRAL - Sector A |h 741.5982 |i Oe8 |p 129072/025 | ||
